Guillermo del Toro Movies - Statistics

General Stats
  • This quiz has been taken 28 times
    14 since last reset
  • The average score is 7 of 13
Answer Stats
Release Year Answer % Correct
2025 Frankenstein
92%
2006 Pan's Labyrinth
75%
2017 The Shape of Water
75%
2021 Nightmare Alley
67%
2015 Crimson Peak
58%
2004 Hellboy
58%
2022 Guillermo del Toro's Pinocchio
50%
2013 Pacific Rim
50%
1993 Cronos
42%
1997 Mimic
42%
2008 Hellboy II: The Golden Army
33%
2002 Blade II
25%
2001 The Devil's Backbone
25%
No matching quizzes found
Score Distribution
Percent of People with Each Score
Percentile by Number Answered
Your Score History
You have not taken this quiz since the last reset